José Antonio Soffia: 1843 - 1886

Збережено в:
Бібліографічні деталі
Автор: Silva Castro, Raúl (Автор)
Формат: Книга
Мова:Іспанська
Опубліковано: Santiago Andrés Bello 1968
Серія:Ensayos, 15
Предмети:
Теги: Додати тег
Немає тегів, Будьте першим, хто поставить тег для цього запису!

MARC

LEADER 00000nam a2200000 a 4500
001 UCZ6240
003 CL-VaPUC
008 951205e19680000CL |||||||||||||||||spa|d
082 0 4 |a 928  |b SIL  |2 21 
100 0 |a Silva Castro, Raúl  |e author  |9 350478 
245 1 0 |a José Antonio Soffia: 1843 - 1886 
300 |a 183 p 
942 |c BK 
945 |d 19951205 00:00:00  |a rleighto 
260 |a Santiago  |b Andrés Bello  |c 1968 
600 0 7 |a SOFFIA, JOSE ANTONIO  |2 CL-VaPUC  |9 350479 
650 0 |a Biografías  |9 255210 
650 0 |a Escritores  |9 313723 
583 |a last modification  |c 19951205 00:00:00  |k Rodrigo Vera 
490 0 |a Ensayos, 15 
999 |c 242476  |d 242474 
952 |0 0  |1 0  |4 0  |6 928_000000000000000_SIL_1968  |7 0  |8 A  |9 255480  |a BIBEDU  |b BIBEDU  |d 2019-11-19  |i 3157490  |o 928 SIL 1968  |p 3157490  |r 2019-11-19  |w 2019-11-19  |y BK  |k LIT